00597nam a2200193Ia 4500003000900000008004100009040001600050080001500066100003000081245008800111260002700199300001500226650001300241650001500254650002400269942000700293999001300300952009000313IN-BaIIA211028s9999 xx 000 0 eng d cIIA Library a521.1bPON aPontecoulant, G. de91479 0aTheorie analytique du systeme du mondebtome second (in French)cG. de Pontecoulant aParisbBachelierc1829 axiv, 504p. aArchives aAstrometry aCelestial Mechanics cBK c687d687 00104070aBANbBANcGENd0000-00-00l0o521.1/ PONp710r2021-11-05w0000-00-00yBK